000 00492nam a2200181Ia 4500
001 3989
005 20260306145723.0
008 260306t2006||||xx |||||||||||||| ||spa||
041 _aESP
082 _a306.0985
_bK23
100 _aKarp de Toledo, Eliane
_eAUT
245 0 _aAllin kausaynapaq:
_binterculturalidad y participación: para vivir mejor con nosotros mismos
260 _c2006
300 _a289 pƔginas :
_c24 cm.
650 _aGEN
654 _aCHU
942 _cLIB
_dJUS
_fJUS
_2ddc
_n
999 _c3989
_d3989